000 00304nam a2200157Ia 4500
100 _aManning/Jonathon
650 _aiOS
942 _cBK
366 _f20
654 _aiOS
245 _aiOS Game development cook book
260 _bSPD
_c2014
082 _bMAN
300 _a376
546 _aENGLISH
999 _c28082
_d28082